000 00662nam a2200217 a 4500
001 12618
003 CO-ViMGA
008 141112s2004 ck r 000 u spa d
020 _a9589533515
040 _aCO-ViMGA
_bspa
_cCO-ViMGA
082 0 4 _a371 P33
100 1 _aCorprodic.,
_918232
245 1 0 _aPedagogia discurso y poder
250 _a1
260 _aBogotá :
_bCorporación para la producción y divulgación de la Ciencia y la cultura,
_c1990
300 _a206 P
490 _aEducación cultura y sociedad
505 _aPedagogia y poder. Pedagogia e interaccion social. Pedagogia y enseñanza.
650 1 4 _aPEDAGOGIA
_918233
942 _2ddc
_cBK
999 _c23610
_d23610